| 000 | 00763nam a22001577a 4500 | ||
|---|---|---|---|
| 003 | OSt | ||
| 005 | 20150921152729.0 | ||
| 008 | 150921b xxu||||| |||| 00| 0 eng d | ||
| 040 | _cRUA | ||
| 082 | _aAGR KOV 2009 B039 Or.1 | ||
| 100 |
_91023 _aKOV, VOEUN |
||
| 245 | _aEffect of different seedling ages and numbers on phkar romeat variety at royal university of agriculture,(ឥទ្ធិពលនៃការស្ទូងអាយុសំណាប និងចំនួនដើមសំណាបខុសៗគ្នាទៅលើពូជស្រូវផ្ការមៀតនៅសាកលវិទ្យាល័យភូមិន្ទកសិកម្ម) | ||
| 260 |
_aPhnom penh _bRUA _c2009 |
||
| 300 |
_axi,56p. _bill. _c29cm. |
||
| 942 |
_2ddc _cAGR |
||
| 999 |
_c982 _d982 |
||